[Event "Smith & Williamson FIDE Rated"]
[Site "Witley"]
[Date "2001.07.19"]
[Round "8.15"]
[White "Bennet, William"]
[Black "Goodwin, Lydia"]
[Result "0-1"]
[WhiteElo "1800"]
[BlackElo "1768"]
[PlyCount "58"]
[EventDate "2001.07.16"]
[EventType "swiss"]
[EventRounds "11"]
[EventCountry "ENG"]
[SourceTitle "BritBase"]
[Source "John Saunders"]
[SourceDate "2025.09.16"]
[SourceVersion "1"]
[SourceVersionDate "2025.09.16"]
[SourceQuality "1"]

1. d4 Nf6 2. c4 c5 3. d5 b5 4. Nf3 g6 5. d6 exd6 {(=)} 6. Nc3 Qa5 7. cxb5 d5 8. Bd2 Qb6 9. Bg5 d4 10. Bxf6 Qxf6 11. Ne4 Qe7 12. Nfd2 Bb7 13. Qc2 d5 14. Ng3 Bg7 15. Nf3 O-O 16. Qd2 f5 17. Qf4 d3 18. O-O-O Qf6 19. Rd2 a6 20. exd3 axb5 21. d4 Rxa2 22. Bxb5 c4 23. Qc7 Bc6 24. Bxc6 Nxc6 25. Ne5 Nb4 26. Kd1 Bh6 27. Qc5 Bxd2 28. Kxd2 Qg5+ 29. Kc3 Rxb2 0-1

[Event "Smith & Williamson FIDE Rated"]
[Site "Witley"]
[Date "2001.07.19"]
[Round "8.17"]
[White "Williams, Samuel G"]
[Black "Bridger, Michael J"]
[Result "1-0"]
[WhiteElo "1696"]
[BlackElo "2058"]
[PlyCount "91"]
[EventDate "2001.07.16"]
[EventType "swiss"]
[EventRounds "11"]
[EventCountry "ENG"]
[SourceTitle "BritBase"]
[Source "John Saunders"]
[SourceDate "2025.09.16"]
[SourceVersion "1"]
[SourceVersionDate "2025.09.16"]
[SourceQuality "1"]

1. e4 e6 2. d4 d5 3. Nd2 Nf6 4. e5 Nfd7 5. Bd3 c5 6. c3 Nc6 7. Ne2 Be7 8. O-O O-O 9. f4 cxd4 10. cxd4 f5 11. Nf3 h6 12. Be3 Rf7 13. a3 Nf8 14. b4 Nh7 15. Nc1 g6 16. Nb3 b6 17. b5 Nb8 18. a4 Nd7 {(=)} 19. Qd2 Ndf8 20. Rfc1 Bd7 21. a5 Be8 22. Rc2 Qb8 23. Qe2 Bd8 {(=)} 24. Bd2 Rc7 25. Rca2 Rc8 26. Bb4 Qb7 27. Bd6 Kf7 28. h3 Be7 29. a6 Qd7 30. Nc5 bxc5 31. dxc5 Qd8 {(=)} 32. Rc2 Nd7 33. Qe3 Kf8 34. Nd4 Kf7 35. Nc6 Rxc6 36. bxc6 Ndf8 37. c7 Qc8 38. c6 Bxd6 39. exd6 Nf6 40. Rb2 Bxc6 {(=)} 41. Rc1 Be8 42. Rb7 N8d7 43. Rxa7 Rxa7 44. Qxa7 Ne4 45. Bxe4 dxe4 46. Qb7 1-0

[Event "Smith & Williamson FIDE Rated"]
[Site "Witley"]
[Date "2001.07.19"]
[Round "8.18"]
[White "Chevannes, Sabrina L"]
[Black "Coupe, Marcus"]
[Result "0-1"]
[WhiteElo "1584"]
[BlackElo "1656"]
[PlyCount "76"]
[EventDate "2001.07.16"]
[EventType "swiss"]
[EventRounds "11"]
[EventCountry "ENG"]
[SourceTitle "BritBase"]
[Source "John Saunders"]
[SourceDate "2025.09.16"]
[SourceVersion "1"]
[SourceVersionDate "2025.09.16"]
[SourceQuality "1"]

1. d4 f5 2. g3 e6 3. Bg2 Nf6 4. Nh3 d5 5. Bg5 Bd6 6. Nd2 O-O 7. Bf4 Qe7 8. c3 Nbd7 9. Nf3 c6 10. Bxd6 Qxd6 11. Nf4 Re8 12. Nd3 b6 13. O-O Qc7 14. Rc1 Bb7 15. Qd2 Ne4 16. Qd1 Rac8 17. Nfe5 Nxe5 18. Nxe5 Nd6 19. f3 Nf7 20. f4 Nd6 21. Kh1 Qe7 22. Rg1 c5 23. e3 cxd4 24. exd4 Ne4 25. Bxe4 dxe4 26. Re1 Red8 27. Kg1 Qd6 28. Qh5 Qd5 29. Qf7+ Kh8 30. c4 Qxd4+ 31. Kf1 Qxb2 32. Qxb7 Qxh2 33. Nf7+ Kg8 34. Nxd8 Rxd8 35. Qe7 Qh1+ 36. Kf2 Rd2+ 37. Ke3 Qf3+ 38. Kxd2 Qd3# 0-1

[Event "Smith & Williamson FIDE Rated"]
[Site "Witley"]
[Date "2001.07.20"]
[Round "9.1"]
[White "Woodward, Timothy DM"]
[Black "Ekeberg, Carl Fredrik"]
[Result "1/2-1/2"]
[WhiteElo "2096"]
[BlackElo "2117"]
[PlyCount "108"]
[EventDate "2001.07.16"]
[EventType "swiss"]
[EventRounds "11"]
[EventCountry "ENG"]
[SourceTitle "BritBase"]
[Source "John Saunders"]
[SourceDate "2025.09.16"]
[SourceVersion "1"]
[SourceVersionDate "2025.09.16"]
[SourceQuality "1"]

1. Nf3 Nf6 2. c4 g6 3. Nc3 d5 4. cxd5 Nxd5 5. Qa4+ Bd7 6. Qh4 Bc6 7. Qd4 f6 8. e3 Bg7 9. Bc4 e5 10. Qh4 Nb6 11. Be2 O-O 12. O-O f5 13. Bc4+ Nxc4 14. Qxc4+ Kh8 15. e4 Nd7 16. Rd1 fxe4 17. Nxe4 Bxe4 18. Qxe4 Nc5 19. Qc4 e4 20. Qxc5 exf3 21. d4 Rf5 22. Qc4 fxg2 23. Be3 Qd6 24. Rac1 c6 25. Kxg2 Rd5 26. Qb3 Rb5 27. Qc2 Qd5+ 28. Kg1 Qxa2 29. Ra1 Qe6 30. Qe2 Rg5+ 31. Kf1 Qd5 32. Ke1 Re8 33. h4 Rg2 34. Ra3 Rh2 35. Rdd3 a6 36. Qg4 Rg2 37. Qh3 Rg1+ 38. Kd2 Qb5 39. Rdb3 Qc4 40. Rc3 Qb4 41. Rab3 Qe7 42. h5 gxh5 43. Qxh5 Rg6 44. Rb6 Rd6 45. Rxb7 Qe4 46. Rd3 c5 47. Rxg7 Kxg7 48. Qxc5 Red8 49. Qg5+ Qg6 50. Qe7+ Qf7 51. Qg5+ Qg6 52. Qe7+ Qf7 53. Bg5 R8d7 54. Qe5+ Kg8 1/2-1/2

[Event "Smith & Williamson FIDE Rated"]
[Site "Witley"]
[Date "2001.07.20"]
[Round "9.2"]
[White "Bjerke, Silje"]
[Black "Churm, Rohan M"]
[Result "1/2-1/2"]
[WhiteElo "2029"]
[BlackElo "2143"]
[PlyCount "56"]
[EventDate "2001.07.16"]
[EventType "swiss"]
[EventRounds "11"]
[EventCountry "ENG"]
[SourceTitle "BritBase"]
[Source "John Saunders"]
[SourceDate "2025.09.16"]
[SourceVersion "1"]
[SourceVersionDate "2025.09.16"]
[SourceQuality "1"]

1. d4 d5 2. c4 e6 3. Nf3 c6 4. e3 Nf6 5. Nc3 Nbd7 6. Bd3 dxc4 7. Bxc4 b5 8. Bd3 Bb7 9. O-O a6 10. e4 c5 11. d5 c4 12. dxe6 fxe6 13. Bc2 Qc7 14. Qe2 Bd6 15. Nd4 Nc5 16. f4 e5 17. Nf5 O-O 18. Nxd6 Qxd6 19. fxe5 Qxe5 20. Bf4 Qh5 21. Qxh5 Nxh5 22. Bd6 Rxf1+ 23. Rxf1 Ne6 24. Bd1 Nf6 25. e5 Nd7 26. a4 Bc6 27. Bf3 Bxf3 28. Rxf3 b4 1/2-1/2

[Event "Smith & Williamson FIDE Rated"]
[Site "Witley"]
[Date "2001.07.20"]
[Round "9.3"]
[White "Rendle, Thomas E"]
[Black "Rattray, Ross"]
[Result "1-0"]
[WhiteElo "2129"]
[BlackElo "2076"]
[PlyCount "97"]
[EventDate "2001.07.16"]
[EventType "swiss"]
[EventRounds "11"]
[EventCountry "ENG"]
[SourceTitle "BritBase"]
[Source "John Saunders"]
[SourceDate "2025.09.16"]
[SourceVersion "1"]
[SourceVersionDate "2025.09.16"]
[SourceQuality "1"]

1. e4 c5 2. Nf3 Nc6 3. Bb5 g6 4. O-O Bg7 5. Bxc6 dxc6 6. d3 e5 7. Be3 Qe7 8. h3 f6 9. Nbd2 Nh6 10. a3 b6 11. Rb1 Ba6 12. b4 cxb4 13. axb4 Rd8 14. Qc1 Bc8 15. Qa3 Be6 16. d4 Nf7 17. c4 Nd6 18. Rbc1 h6 19. d5 cxd5 20. exd5 Bc8 21. c5 bxc5 22. bxc5 Nb5 23. Qd3 a6 24. Qxg6+ Qf7 25. Qxf7+ Kxf7 26. d6 f5 27. Nc4 Rhe8 28. g3 e4 29. Nfd2 Nc3 30. Rfe1 Nd5 31. c6 Nb4 32. d7 Bxd7 33. cxd7 Rxd7 34. Rb1 Nd3 35. Red1 Bf8 36. Rb6 Re6 37. Rdb1 Rxb6 38. Rxb6 Ra7 39. Rxh6 Bxh6 40. Bxa7 Bg7 41. g4 Ke6 42. gxf5+ Kxf5 43. Nd6+ Ke6 44. N6xe4 Nf4 45. h4 a5 46. Bb6 Ng6 47. Nf3 Kd5 48. Ned2 a4 {(=)} 49. Nb1 {and later 1-0} 1-0

[Event "Smith & Williamson FIDE Rated"]
[Site "Witley"]
[Date "2001.07.20"]
[Round "9.4"]
[White "Kahar, Krunal"]
[Black "Nixon, Thomas"]
[Result "0-1"]
[WhiteElo "2172"]
[BlackElo "2137"]
[PlyCount "80"]
[EventDate "2001.07.16"]
[EventType "swiss"]
[EventRounds "11"]
[EventCountry "ENG"]
[SourceTitle "BritBase"]
[Source "John Saunders"]
[SourceDate "2025.09.16"]
[SourceVersion "1"]
[SourceVersionDate "2025.09.16"]
[SourceQuality "1"]

1. d4 d5 2. c4 e6 3. Nf3 Nf6 4. Nc3 Nbd7 5. e3 Be7 6. Be2 O-O 7. O-O dxc4 8. Bxc4 c5 9. dxc5 Nxc5 10. Qe2 a6 11. a3 b5 12. Ba2 Bb7 13. Rd1 Qc7 14. b4 Nce4 15. Nxe4 Nxe4 16. Bb2 Nc3 {(=)} 17. Qc2 Rac8 18. Rdc1 Bxf3 19. Bxc3 Qxc3 20. Qxc3 Rxc3 21. Rxc3 Bf6 22. Rac1 Bxc3 23. Rxc3 Bb7 {(=)} 24. Bb1 Rc8 25. Rxc8+ Bxc8 26. Be4 f5 27. Bc6 Kf7 28. Kf1 Ke7 29. Ke2 Kd6 30. Ba8 Bd7 31. Kd3 e5 32. f4 exf4 33. exf4 Bc6 34. Bxc6 Kxc6 {(=)} 35. h3 Kd5 36. g4 fxg4 37. hxg4 h6 38. f5 Ke5 39. Ke3 h5 40. Kf3 h4 0-1

[Event "Smith & Williamson FIDE Rated"]
[Site "Witley"]
[Date "2001.07.20"]
[Round "9.5"]
[White "Cooley, Oliver"]
[Black "Dorrington, Christopher"]
[Result "0-1"]
[WhiteElo "2079"]
[BlackElo "2161"]
[PlyCount "120"]
[EventDate "2001.07.16"]
[EventType "swiss"]
[EventRounds "11"]
[EventCountry "ENG"]
[SourceTitle "BritBase"]
[Source "John Saunders"]
[SourceDate "2025.09.16"]
[SourceVersion "1"]
[SourceVersionDate "2025.09.16"]
[SourceQuality "1"]

1. e4 c5 2. Nf3 e6 3. d4 cxd4 4. Nxd4 Nf6 5. Nc3 d6 6. Bg5 Be7 7. f4 h6 8. Bxf6 Bxf6 9. Qd2 a6 10. Rd1 b5 11. Bxb5+ axb5 12. Ndxb5 O-O 13. Qxd6 Bb7 14. Qxd8 Rxd8 15. Rxd8+ Bxd8 16. Ke2 Nd7 17. Rd1 Nf6 18. Nd6 Ba6+ 19. Kf3 Be7 20. e5 Bxd6 21. exd6 Kf8 22. Ke3 Rd8 23. b3 Bb7 24. g3 Ng4+ 25. Kd4 Rxd6+ 26. Kc5 Rc6+ 27. Kb4 Ke7 28. Rd2 Nf6 29. a4 Rxc3 30. Kxc3 Ne4+ 31. Kd3 Nxd2 32. Kxd2 Kd6 33. c4 f6 34. Kd3 e5 35. b4 g5 36. fxe5+ fxe5 37. a5 Ba6 38. Kc3 Bc8 39. Kd3 Bf5+ 40. Ke3 Bc8 41. Kd3 g4 42. Ke4 Bb7+ 43. Kd3 Bg2 44. Kc3 Bf1 45. a6 Kc6 46. b5+ Kc5 47. a7 Bg2 48. Kd3 Kb6 49. Ke3 Kxa7 50. c5 Kb7 51. Kd3 Bf1+ 52. Ke4 Bxb5 53. Kxe5 Kc6 54. Kf5 h5 55. Kg5 Kxc5 56. Kxh5 Bd7 57. Kg5 Kd4 58. Kf4 Kd3 59. h4 gxh3 60. Kf3 Bc6+ 0-1

[Event "Smith & Williamson FIDE Rated"]
[Site "Witley"]
[Date "2001.07.20"]
[Round "9.6"]
[White "Deva, Chetan"]
[Black "Martyn, Rafe"]
[Result "1/2-1/2"]
[WhiteElo "2128"]
[BlackElo "2126"]
[PlyCount "36"]
[EventDate "2001.07.16"]
[EventType "swiss"]
[EventRounds "11"]
[EventCountry "ENG"]
[SourceTitle "BritBase"]
[Source "John Saunders"]
[SourceDate "2025.09.16"]
[SourceVersion "1"]
[SourceVersionDate "2025.09.16"]
[SourceQuality "1"]

1. c4 e5 2. Nc3 Nf6 3. g3 c6 4. Nf3 e4 5. Nd4 Bc5 6. Nc2 Qb6 7. e3 d5 8. b4 Be7 9. c5 Qc7 10. d3 exd3 11. Bxd3 a5 12. a3 axb4 13. axb4 Rxa1 14. Nxa1 Bg4 15. Qc2 Bf3 16. O-O Nbd7 17. Nb3 Ne5 18. Be2 Qd7 1/2-1/2

[Event "Smith & Williamson FIDE Rated"]
[Site "Witley"]
[Date "2001.07.20"]
[Round "9.7"]
[White "Rennie, John"]
[Black "Winkworth, Julian"]
[Result "1/2-1/2"]
[WhiteElo "2053"]
[BlackElo "1904"]
[PlyCount "24"]
[EventDate "2001.07.16"]
[EventType "swiss"]
[EventRounds "11"]
[EventCountry "ENG"]
[SourceTitle "BritBase"]
[Source "John Saunders"]
[SourceDate "2025.09.16"]
[SourceVersion "1"]
[SourceVersionDate "2025.09.16"]
[SourceQuality "1"]

1. e4 c6 2. d4 d5 3. exd5 cxd5 4. Bd3 Nc6 5. c3 Nf6 6. Nf3 Bg4 7. h3 Bh5 8. O-O e6 9. Bf4 Bd6 10. Bxd6 Qxd6 11. Nbd2 O-O 12. Re1 Rfe8 1/2-1/2

[Event "Smith & Williamson FIDE Rated"]
[Site "Witley"]
[Date "2001.07.20"]
[Round "9.8"]
[White "Bigg, Andrew J"]
[Black "Farley, Andrew"]
[Result "1-0"]
[WhiteElo "2216"]
[BlackElo "1760"]
[PlyCount "35"]
[EventDate "2001.07.16"]
[EventType "swiss"]
[EventRounds "11"]
[EventCountry "ENG"]
[SourceTitle "BritBase"]
[Source "John Saunders"]
[SourceDate "2025.09.16"]
[SourceVersion "1"]
[SourceVersionDate "2025.09.16"]
[SourceQuality "1"]

1. d4 c5 2. d5 f5 3. e4 fxe4 4. Nc3 Nf6 5. g4 h6 6. Bg2 e6 7. d6 Qb6 8. Bf4 Qxb2 9. Nge2 Nd5 10. Nxd5 exd5 11. O-O g5 12. Bg3 Qf6 13. Qxd5 Qe6 14. Qxc5 Na6 15. Qd4 Rg8 16. Rae1 Bg7 17. Qe3 Nb4 18. Bxe4 1-0

[Event "Smith & Williamson FIDE Rated"]
[Site "Witley"]
[Date "2001.07.20"]
[Round "9.9"]
[White "Lutton, Josiah Ezra"]
[Black "Mycroft, Richard"]
[Result "1/2-1/2"]
[WhiteElo "2093"]
[BlackElo "1736"]
[PlyCount "76"]
[EventDate "2001.07.16"]
[EventType "swiss"]
[EventRounds "11"]
[EventCountry "ENG"]
[SourceTitle "BritBase"]
[Source "John Saunders"]
[SourceDate "2025.09.16"]
[SourceVersion "1"]
[SourceVersionDate "2025.09.16"]
[SourceQuality "1"]

1. Nc3 d5 2. e4 d4 3. Nce2 e5 4. d3 c5 5. f4 Nc6 6. Nf3 Bd6 7. f5 Bd7 8. Ng3 Nf6 9. Be2 Qc7 10. Bd2 Be7 11. a3 g6 12. fxg6 hxg6 13. h3 O-O-O 14. c3 Nh7 15. O-O f5 16. cxd4 exd4 17. Qc1 Bd6 18. Nh1 fxe4 19. dxe4 Ne5 20. Nxe5 Bxe5 21. Rf3 Nf6 22. Nf2 Nh5 23. g4 Ng7 24. Nd3 Bh2+ 25. Kg2 Ne6 26. Qh1 Bd6 27. Rc1 {(=)} Bc6 28. Nf2 Bf4 29. Bxf4 Nxf4+ 30. Kf1 Nxe2 {(=)} 31. Kxe2 Qe5 32. Rb3 Rhf8 33. Qg2 Rf4 34. Kd2 Bxe4 35. Nxe4 Rxe4 36. Rxc5+ Qxc5 37. Qxe4 Qd5 38. Qxd5 Rxd5 {and later 1/2-1/2} 1/2-1/2

[Event "Smith & Williamson FIDE Rated"]
[Site "Witley"]
[Date "2001.07.20"]
[Round "9.10"]
[White "Manton, Timothy"]
[Black "Hughes, Andrew"]
[Result "0-1"]
[WhiteElo "1664"]
[BlackElo "2046"]
[PlyCount "68"]
[EventDate "2001.07.16"]
[EventType "swiss"]
[EventRounds "11"]
[EventCountry "ENG"]
[SourceTitle "BritBase"]
[Source "John Saunders"]
[SourceDate "2025.09.16"]
[SourceVersion "1"]
[SourceVersionDate "2025.09.16"]
[SourceQuality "1"]

1. d4 Nf6 2. Nf3 b6 3. e3 Bb7 4. Bd3 g6 5. O-O Bg7 6. Nbd2 O-O 7. c4 d6 8. Qc2 Nbd7 9. b3 e5 10. d5 Ne8 11. e4 Nc5 12. b4 Nxd3 13. Qxd3 f5 14. Rb1 f4 15. Ba3 Qf6 16. c5 g5 17. Rfc1 Bh6 18. Ne1 g4 19. f3 gxf3 20. Qxf3 Bc8 21. cxd6 cxd6 22. b5 Qg6 23. h3 Rf6 24. Rc2 Qg7 25. Rb3 Rg6 26. Nf1 Bg5 27. Nd3 Bh4 28. Rbc3 Bd7 29. Nb4 Bxb5 30. Rc8 Rxc8 31. Rxc8 Qd7 32. Rc2 Nf6 33. Nc6 Bxf1 34. Kxf1 Rg3 0-1

[Event "Smith & Williamson FIDE Rated"]
[Site "Witley"]
[Date "2001.07.20"]
[Round "9.11"]
[White "Payne, Robert"]
[Black "Antal, Agnes"]
[Result "1-0"]
[WhiteElo "1688"]
[BlackElo "2043"]
[PlyCount "99"]
[EventDate "2001.07.16"]
[EventType "swiss"]
[EventRounds "11"]
[EventCountry "ENG"]
[SourceTitle "BritBase"]
[Source "John Saunders"]
[SourceDate "2025.09.16"]
[SourceVersion "1"]
[SourceVersionDate "2025.09.16"]
[SourceQuality "1"]

1. d4 d5 2. Nf3 Nc6 3. Bf4 Bg4 4. c3 Bxf3 5. exf3 e6 6. Qb3 Rb8 7. Bd3 Bd6 8. Bxd6 Qxd6 9. O-O Nf6 10. Qa3 Qxa3 11. Nxa3 O-O 12. Rfe1 Rbc8 13. f4 Rfe8 14. Nc2 Ne7 15. Rad1 c5 16. dxc5 Rxc5 17. Nd4 Nc8 18. Re2 a6 19. Rde1 g6 20. f5 gxf5 21. Bxf5 Nd6 22. Bd3 Rc7 23. Re5 Kh8 24. Nf3 Nfe4 25. Bxe4 Nxe4 26. Ng5 Nxg5 27. Rxg5 f6 28. Rxd5 Rce7 29. Rd6 Kg7 30. Red1 e5 31. Kf1 Kf7 32. Rd7 Rg8 33. Rxe7+ Kxe7 34. Rd3 Rc8 35. Rh3 Rh8 36. Ke2 h6 37. c4 Ke6 38. Rb3 Rh7 39. Rb6+ Kf5 40. f3 Rc7 41. b3 h5 42. Rd6 Rc5 43. Kd3 Rc7 44. g3 Kg6 45. b4 Kf7 46. c5 Ke7 47. Ke4 a5 48. a3 axb4 49. axb4 Rc8 50. Rb6 1-0

[Event "Smith & Williamson FIDE Rated"]
[Site "Witley"]
[Date "2001.07.20"]
[Round "9.15"]
[White "Purton, Ben"]
[Black "Khoo, Teresa"]
[Result "1-0"]
[WhiteElo "1632"]
[BlackElo "1688"]
[PlyCount "128"]
[EventDate "2001.07.16"]
[EventType "swiss"]
[EventRounds "11"]
[EventCountry "ENG"]
[SourceTitle "BritBase"]
[Source "John Saunders"]
[SourceDate "2025.09.16"]
[SourceVersion "1"]
[SourceVersionDate "2025.09.16"]
[SourceQuality "1"]

1. e4 c5 2. f4 Nc6 3. Nf3 g6 4. Bb5 Bg7 5. Nc3 Nd4 6. Be2 d6 7. O-O e6 8. d3 Ne7 9. Be3 {(=)} O-O 10. a4 Nec6 11. Bxd4 Nxd4 12. Nxd4 Bxd4+ 13. Kh1 a6 14. Qc1 {(=)} Bd7 15. Bf3 Qc7 16. Ne2 Bg7 17. c3 Rac8 18. Bg4 f5 19. Bf3 Bc6 20. Qc2 Qd7 21. Qb3 {(=)} Kh8 22. a5 Rce8 23. Rae1 Ba4 24. Qb6 fxe4 25. dxe4 Rc8 26. e5 d5 27. Qd6 Qe8 28. Qb6 Rf7 29. b3 Rc6 30. bxa4 Rxb6 31. axb6 Qxa4 32. Rb1 Bh6 33. Bg4 Re7 34. g3 Kg7 35. Rbe1 Qc6 36. Rb1 Qa4 37. Rbd1 {(=)} Kg8 38. Ra1 Qc4 39. Rad1 Re8 40. Kg1 Kf7 41. Bf3 Ke7 42. Kf2 Rf8 43. Kg2 g5 44. fxg5 Bxg5 45. h4 Be3 46. g4 Rg8 47. Kh3 Qb5 48. Rb1 Qd3 49. Rbd1 Qg6 50. h5 Qg5 51. c4 d4 52. Ng3 Rb8 53. Ne4 Qxe5 54. Bg2 Rf8 55. Rxf8 Kxf8 56. Rf1+ Kg7 57. Nf6 Bf4 58. Nd7 Qd6 59. Nxc5 Qxc5 60. Rxf4 Qxb6 61. Rf3 Qc5 62. Rb3 Qxc4 63. Rxb7+ Qc7 64. Rxc7+ Kf6 1-0

[Event "Smith & Williamson FIDE Rated"]
[Site "Witley"]
[Date "2001.07.20"]
[Round "9.16"]
[White "Bridger, Michael J"]
[Black "Bennet, William"]
[Result "1-0"]
[WhiteElo "2058"]
[BlackElo "1800"]
[PlyCount "39"]
[EventDate "2001.07.16"]
[EventType "swiss"]
[EventRounds "11"]
[EventCountry "ENG"]
[SourceTitle "BritBase"]
[Source "John Saunders"]
[SourceDate "2025.09.16"]
[SourceVersion "1"]
[SourceVersionDate "2025.09.16"]
[SourceQuality "1"]

1. e4 c5 2. Nf3 g6 3. d4 cxd4 4. Nxd4 Bg7 5. Nc3 Nc6 6. Be3 Nf6 7. Be2 O-O 8. Qd2 Qa5 9. Nb3 Qc7 10. f4 a6 11. e5 Nxe5 12. fxe5 Qxe5 13. O-O Ne4 14. Nxe4 Qxe4 15. Bf3 Qh4 16. c3 Bf6 17. Nd4 e5 18. g3 Qh3 19. Bg2 Qg4 20. Rxf6 1-0

[Event "Smith & Williamson FIDE Rated"]
[Site "Witley"]
[Date "2001.07.20"]
[Round "9.20"]
[White "Kelly, Alexandra"]
[Black "Chevannes, Sabrina L"]
[Result "1-0"]
[WhiteElo "1672"]
[BlackElo "1584"]
[PlyCount "69"]
[EventDate "2001.07.16"]
[EventType "swiss"]
[EventRounds "11"]
[EventCountry "ENG"]
[SourceTitle "BritBase"]
[Source "John Saunders"]
[SourceDate "2025.09.16"]
[SourceVersion "1"]
[SourceVersionDate "2025.09.16"]
[SourceQuality "1"]

1. e4 c6 2. d4 d5 3. Nd2 dxe4 4. Nxe4 Nf6 5. Ng5 h6 6. N5f3 Bg4 7. h3 Bh5 8. g4 Bg6 9. Bd3 Bxd3 10. Qxd3 e6 11. Bd2 a6 12. Ne2 Qb6 13. O-O-O Nbd7 14. Ne5 Rd8 15. Nc4 Qa7 16. Qf3 Nb6 17. Ne5 Na4 18. Ba5 Rd5 19. Bc3 Qb6 20. Nf4 {(=)} Nxc3 21. Qxc3 Rb5 22. Nc4 Qc7 23. Qe3 Nd5 24. Nxd5 cxd5 25. Ne5 Bd6 26. Rhe1 Qa5 27. Nxf7 Bf4 28. Qxf4 O-O 29. Rxe6 Qxa2 {(=)} 30. Nxh6+ Kh7 31. Qxf8 Qxb2+ 32. Kd2 Qxd4+ 33. Ke1 Qc3+ 34. Kf1 Qxh3+ 35. Kg1 1-0

[Event "Smith & Williamson FIDE Rated"]
[Site "Witley"]
[Date "2001.07.20"]
[Round "10.1"]
[White "Deva, Chetan"]
[Black "Rendle, Thomas E"]
[Result "1/2-1/2"]
[WhiteElo "2128"]
[BlackElo "2129"]
[PlyCount "77"]
[EventDate "2001.07.16"]
[EventType "swiss"]
[EventRounds "11"]
[EventCountry "ENG"]
[SourceTitle "BritBase"]
[Source "John Saunders"]
[SourceDate "2025.09.16"]
[SourceVersion "1"]
[SourceVersionDate "2025.09.16"]
[SourceQuality "1"]

1. d4 f5 2. Nf3 g6 3. c4 Nf6 4. b3 Bg7 5. Bb2 O-O 6. e3 d6 {(=)} 7. Be2 Ne4 8. Qc2 Nd7 9. Nc3 Nxc3 10. Bxc3 e5 11. dxe5 dxe5 12. Rd1 Qe7 13. O-O e4 14. Bxg7 Qxg7 15. Nd4 Ne5 16. c5 Qf7 17. Rd2 Be6 18. Rfd1 Bd5 19. Nb5 Bc6 20. Nc3 f4 21. Bb5 Bxb5 22. Nxb5 Nd3 23. Nc3 {(=)} fxe3 24. fxe3 Nxc5 25. Nxe4 Nxe4 26. Qxe4 Rae8 27. Qxb7 Rxe3 28. Qd5 Qxd5 29. Rxd5 Re2 30. R5d2 Rff2 31. Rxe2 Rxe2 32. a4 Kf7 {(=)} 33. Rd7+ Re7 34. Rd3 Re6 35. Rc3 c6 36. Kf2 Ke7 37. Rh3 h5 38. Rd3 Rf6+ 39. Ke3 {and later 1/2-1/2} 1/2-1/2

[Event "Smith & Williamson FIDE Rated"]
[Site "Witley"]
[Date "2001.07.20"]
[Round "10.3"]
[White "Churm, Rohan M"]
[Black "Nixon, Thomas"]
[Result "1-0"]
[WhiteElo "2143"]
[BlackElo "2137"]
[PlyCount "51"]
[EventDate "2001.07.16"]
[EventType "swiss"]
[EventRounds "11"]
[EventCountry "ENG"]
[SourceTitle "BritBase"]
[Source "John Saunders"]
[SourceDate "2025.09.16"]
[SourceVersion "1"]
[SourceVersionDate "2025.09.16"]
[SourceQuality "1"]

1. e4 e5 2. Nf3 Nc6 3. Bb5 a6 4. Ba4 Nf6 5. O-O Be7 6. Re1 b5 7. Bb3 d6 8. c3 Na5 9. Bc2 c5 10. h3 O-O 11. d4 Qc7 12. Nbd2 Re8 13. Nf1 Nc6 14. a4 b4 15. Ne3 bxc3 16. bxc3 cxd4 17. cxd4 g6 18. Ba3 Bf8 19. Rc1 Qb7 20. Bb3 Bg7 21. Nc4 Bf8 22. Nxd6 Bxd6 23. Bxd6 Na5 24. Ba2 Nxe4 25. Rxe4 Qxe4 26. Bxf7+ 1-0

[Event "Smith & Williamson FIDE Rated"]
[Site "Witley"]
[Date "2001.07.20"]
[Round "10.4"]
[White "Ekeberg, Carl Fredrik"]
[Black "Bjerke, Silje"]
[Result "1/2-1/2"]
[WhiteElo "2117"]
[BlackElo "2029"]
[PlyCount "41"]
[EventDate "2001.07.16"]
[EventType "swiss"]
[EventRounds "11"]
[EventCountry "ENG"]
[SourceTitle "BritBase"]
[Source "John Saunders"]
[SourceDate "2025.09.16"]
[SourceVersion "1"]
[SourceVersionDate "2025.09.16"]
[SourceQuality "1"]

1. d4 d5 2. c4 e6 3. Nf3 c6 4. e3 Nf6 5. Nc3 Nbd7 6. Bd3 dxc4 7. Bxc4 b5 8. Bd3 Bb7 9. e4 b4 10. Na4 c5 11. e5 Nd5 12. Nxc5 Bxc5 13. dxc5 Nxc5 14. Bb5+ Nd7 15. O-O a6 16. Ba4 h6 17. Re1 O-O 18. Qd4 f5 19. exf6 Rxf6 20. Qg4 Nc5 21. Bc2 1/2-1/2

[Event "Smith & Williamson FIDE Rated"]
[Site "Witley"]
[Date "2001.07.20"]
[Round "10.5"]
[White "Martyn, Rafe"]
[Black "Bigg, Andrew J"]
[Result "1/2-1/2"]
[WhiteElo "2126"]
[BlackElo "2216"]
[PlyCount "74"]
[EventDate "2001.07.16"]
[EventType "swiss"]
[EventRounds "11"]
[EventCountry "ENG"]
[SourceTitle "BritBase"]
[Source "John Saunders"]
[SourceDate "2025.09.16"]
[SourceVersion "1"]
[SourceVersionDate "2025.09.16"]
[SourceQuality "1"]

1. d4 Nf6 2. c4 e5 3. dxe5 Ng4 4. e3 Nxe5 5. Nh3 g6 6. Nf4 Bg7 7. Be2 d6 8. Nc3 Nbd7 9. Qd2 a5 10. b3 O-O 11. Bb2 Nc5 12. Rc1 b6 13. O-O Bb7 14. Nfd5 f5 15. Rce1 Rf7 16. Qc2 Qh4 17. g3 Qh3 18. f4 Nc6 19. a3 Ne7 20. Bf3 Nxd5 21. Nxd5 Bxb2 22. Qxb2 Nd3 23. Qd4 Nxe1 24. Rxe1 Qh6 25. Ne7+ Rxe7 26. Bd5+ Bxd5 27. Qxd5+ Kf8 28. Qxa8+ Re8 29. Qd5 {(=)} Qg7 30. Qd3 Qb2 31. a4 Re4 32. Re2 Qa1+ 33. Kg2 Qc1 34. Rd2 h5 35. h4 Ke7 36. Re2 Qa3 37. Qc3 Kf7 1/2-1/2